History Quiz

Random History or Year Quiz

Major Events in 'One' Years Quiz Stats

 Plays Quiz Updated Jul 17, 2016

Score 0/22 Timer 06:00
2 Plays Today
% Correct
1941
92.2%
2001
91.4%
1961
79.7%
1981
78.9%
1951
75.8%
2011
75.1%
1861
73.6%
1991
71%
1971
68.1%
1901
60.7%
1881
44.8%
% Correct
1891
44%
1931
41.7%
1871
38.1%
1911
36.1%
1921
33.2%
1831
22.2%
1821
19.1%
1801
18.5%
1841
18.1%
1851
17.3%
1811
17%

You're not logged in!

Compare scores with friends on all Sporcle quizzes.
OR
Log In

Show Comments

Extras

Top Quizzes Today


Score Distribution

Your Account Isn't Verified!

In order to create a playlist on Sporcle, you need to verify the email address you used during registration. Go to your Sporcle Settings to finish the process.

Report this User

Report this user for behavior that violates our Community Guidelines.

Details: